The military dimension of Turkey-Qatar relations and its security impacts /
Saved in:
| Main Author: | |
|---|---|
| Format: | Thesis Book |
| Language: | English |
| Published: |
2019.
|
| Subjects: | |
| Online Access: | http://studentsrepo.um.edu.my/14525/ |
| Tags: |
Add Tag
No Tags, Be the first to tag this record!
|
| LEADER | 01803cam a2200409 i 4500 | ||
|---|---|---|---|
| 001 | u1126358 | ||
| 003 | SIRSI | ||
| 005 | 201911121143 | ||
| 008 | 191112s2019 my a m 000 0 eng | ||
| 040 | |a UMM |d AUM |e rda | ||
| 043 | |a a-tu--- |a a-qa--- | ||
| 090 | |a U162 |b UM 2019 Sey | ||
| 100 | 1 | |a Seyam, Badereddin Adnan Bader, |e author. | |
| 245 | 1 | 4 | |a The military dimension of Turkey-Qatar relations and its security impacts / |c Badereddin Adnan Bader Seyam. |
| 264 | 1 | |c 2019. | |
| 300 | |a xiv, 126 leaves : |b illustrations ; |c 30 cm | ||
| 336 | |a text |2 rdacontent | ||
| 337 | |a unmediated |2 rdamedia | ||
| 337 | |a computer |2 rdamedia | ||
| 338 | |a volume |2 rdacarrier | ||
| 338 | |a computer disc |2 rdacarrier | ||
| 502 | |b M.A.Strateg.Def.Stud. |c Jabatan Pengajian Antarabangsa dan Strategik, Fakulti Sastera dan Sains Sosial, Universiti Malaya |d 2019. | ||
| 504 | |a Bibliography: leaves 106-113. | ||
| 530 | |a Also issued in CD. | ||
| 650 | 0 | |a National security |z Turkey. | |
| 650 | 0 | |a National security |z Qatar. | |
| 651 | 0 | |a Turkey |x Armed Forces. | |
| 651 | 0 | |a Qatar |x Armed Forces. | |
| 651 | 0 | |a Turkey |x Military relations |z Qatar. | |
| 651 | 0 | |a Qatar |x Military relations |z Turkey. | |
| 710 | 2 | |a Universiti Malaya. |b Jabatan Pengajian Antarabangsa dan Strategik, |e degree granting institution. | |
| 856 | 4 | 1 | |u http://studentsrepo.um.edu.my/14525/ |
| 900 | |a NNANS NSM | ||
| 596 | |a 1 25 | ||
| 999 | |a U162 UM 2019 SEY |w LC |c 1 |i A517081333 |f 25/11/2019 |g 1 |l STACKS |m P01UTAMA |r Y |s Y |t TESIS |u 12/11/2019 |1 AHSS |o .STAFF. Agreement tidak disertakan | ||
| 999 | |a U162 UM 2019 SEY |w LC |c 1 |i A517080806 |f 24/5/2023 |g 1 |l STACKS |m P25UMARCHI |r N |s Y |t CD |u 24/5/2023 |1 AHSS |o .STAFF. MST-CD2412 | ||
| 999 | |a U162 UM 2019 SEY |w LC |c 2 |i A517080797 |f 20/6/2023 |g 1 |l DAMAGED |m P25UMARCHI |r N |s Y |t CD |u 20/6/2023 |1 AHSS |o .STAFF. MST-CD2794 | ||
